Paroles Y.2 DIAMANTS - Damso - Statistiques

Statistiques générales
  • Ce quiz a été pris 27 fois
  • Le résultat moyen est 121 sur 303
Statistiques - réponses
Réponse % Correct
de
91%
De
91%
a
87%
à
87%
diamant,
87%
je
87%
pas
87%
Pas
87%
cent
83%
Deux
83%
deux
83%
le
83%
Un
83%
un
83%
brille
78%
ça,
78%
ça
78%
dix
78%
en
78%
encore
78%
et
78%
Et
78%
la
78%
comme
74%
des
74%
Ice,
74%
ice,
74%
pour
74%
Diamants,
70%
diamants,
70%
diamants
70%
puis
70%
dans
65%
j'rajoute
65%
J'rajoute
65%
les
65%
Merci
65%
moula,
65%
moula
65%
Oh
65%
or
65%
quartiers,
65%
toujours
65%
avec,
61%
cou,
61%
ai
57%
chaine
57%
j'crois
57%
J'viens
57%
J'suis
52%
j'suis
52%
négro
52%
qu'ça
52%
sur
52%
dors
48%
drogue
48%
m'a
48%
que
48%
J'en
43%
j'en
43%
J'me
43%
lave
43%
sachets
43%
ta
43%
million
39%
vie
39%
achetés
35%
vendus,
35%
avant
30%
c'est
30%
est
30%
mal
30%
Millions
30%
millions,
30%
mon
30%
Nagui
30%
Raciste,
30%
roro,
30%
roro
30%
ah
26%
braqués
26%
cervelle
26%
d'avis
26%
jamais
26%
j'changerai
26%
J'connais
26%
OG
26%
tu
26%
atrophiée
22%
bracelet,
22%
cette
22%
cocaïne,
22%
connais,
22%
cramé
22%
j'ai
22%
mes
22%
ouais
22%
t'es
22%
Y
22%
arrive,
17%
bah
17%
beaucoup,
17%
beaucoup
17%
Beaucoup
17%
biftons
17%
billets
17%
binks
17%
Broutis
17%
crédit
17%
daronne
17%
dollars
17%
entassés,
17%
fumer
17%
gros
17%
Hoover Larry
17%
mère
17%
Montagne
17%
pièces
17%
plaqués
17%
quelques
17%
qu'on
17%
rançon
17%
ravie
17%
sisi
17%
tout
17%
va
17%
amphétamine
13%
année
13%
Bédo
13%
canné
13%
chansons
13%
débrouillard
13%
dégarnie
13%
détachées
13%
du
13%
ganja,
13%
J'bouge
13%
j'crache
13%
l'comico
13%
l'comico,
13%
lean,
13%
l'passé
13%
Plus
13%
plus
13%
salaire
13%
schnek
13%
sortir
13%
sous
13%
block
9%
cadavres
9%
choisit
9%
coups,
9%
demande
9%
festival
9%
galère
9%
gravie
9%
policier
9%
pute
9%
QALF
9%
quand
9%
rre-gue
9%
sale
9%
s'aligne
9%
son
9%
tieks
9%
toit,
9%
t'r'habilles
9%
You-voi
9%
aride
4%
attends
4%
d'conso
4%
d'euros
4%
d'vant
4%
éditions
4%
Gonfler
4%
gue-dro
4%
j'crédite
4%
j'prends
4%
j'roule
4%
l'game
4%
nibards
4%
payer
4%
qu'l'avocat
4%
qu'l'huissier
4%
ses
4%
trop
4%
violets
4%
d'attention
0%
eh (Sale)
0%
Hallelujah (Hey)
0%
j'garde
0%
kush
0%
médecin
0%
m'examine
0%
otage
0%
pension (Dems)
0%
Ramène
0%
ramènla e
0%
Siat
0%
tess
0%
teu-ch
0%
Aucun quiz correspondant
Distribution des résultats
% des personnes avec chaque résultat
Percentile par nombre de réponses
Votre historique - résultats
Vous n’avez pas pris ce quiz